| 000 | 02042nam2a2200325 4500 | ||
|---|---|---|---|
| 001 | RU\NLR\BIBL_A\012704143 | ||
| 005 | 20220418153655.0 | ||
| 010 |
_a978-5-907400-55-9 _9300 |
||
| 021 |
_aRU _bКН-П-21-069451 _9КН-П-21-5503 |
||
| 035 | _a(NLR Aleph) 012704143 | ||
| 035 | _a(RuMoRGB)010829432 | ||
| 090 |
_a12888432 _c12888432 |
||
| 100 | _a20220210d2021 k y0rusy50 ca | ||
| 101 | 0 | _arus | |
| 102 | _aRU | ||
| 105 | _a ch|z|||000zy | ||
| 200 | 1 |
_aИстория Шиловского лозоплетения с древнейших времен и до наших дней _fАлександр Кондрашов, Валерий Гаврилов _gредакционная коллегия: П.В. Акульшин (ответ. ред.) [и др.] |
|
| 210 |
_aРязань _cИП Коняхин А.В. (Book Jet) _d2021 |
||
| 215 |
_a135 с. _cил., цв. ил., портр., факс. |
||
| 320 | _aБиблиогр. в примеч.: с. 133-134 (24 назв.) | ||
| 461 | 0 |
_1001RU\NLR\BIBL_A\010858974 _12001#$aМатериалы и исследования по истории Шиловского края$e[в 10 т.]$fАлександр Кондрашов$vТ. 2 _1700#1$aКондрашов$bА. И.$gАлександр Иванович _910411533 _aКондрашов, А. И. _cРязань _d2015 _fАлександр Кондрашов _nГУП РО "Рязанская областная типография" _o[в 10 т.] _tМатериалы и исследования по истории Шиловского края _y9785912551895 _vТ. 2 |
|
| 606 | 1 |
_aПлетение из лозы _91556168 _3RU\NLR\AUTH\66680142 |
|
| 686 | 1 | _aМ137.2г | |
| 701 | 1 |
_7ca _8rus _aГаврилов _bВ. А. _cспециалист по лозоплетению _f1953- _gВалерий Александрович _9241001 _3RU\NLR\AUTH\770241057 |
|
| 942 | _cBOOK | ||
| 980 | _aNB | ||